000 00505nam a2200181Ia 4500
001 18624
005 20260306171644.0
008 260306s9999||||xx |||||||||||||| ||und||
041 _aESP
082 _a658.4092
_bH36
100 _aHeifetz, Ronald
_eAUT
245 0 _aLa práctica del liderazgo adaptativo:
_blas herramientas y tácticas para cambiar su organización y el mundo
260 _c2012
300 _a396 páginas :
_c22 cm.
650 _aGEN
654 _aCAN
942 _cLIB
_dJUS
_fJUS
_2ddc
_n
999 _c18624
_d18624